Podnikateľské vedenie ľudí

Zvyšovanie úlohy ľudského činiteľa. Význam a potreba zvládnutia umenia viesť ľudí v súčasnej etape rozvoja manažmentu. Niektoré vedecké poznatky o ktoré sa opiera účinné vedenie ľudí. Úloha moci v riadení. Päť druhov a prejavov moci. Obsah a metódy vedenia ľudí.

Enregistré dans:
Détails bibliographiques
Auteur principal: Kačír, Klement
Format: Chapitre de livre
Langue:slovaque
Sujets:
Tags: Ajouter un tag
Pas de tags, Soyez le premier à ajouter un tag!

MARC

LEADER 00000naa a2200000 4500
001 r026235
005 20230825080140.8
041 0 |a slo 
044 |a SK 
245 1 0 |a Podnikateľské vedenie ľudí  |c Klement Kačír 
520 |a Zvyšovanie úlohy ľudského činiteľa. Význam a potreba zvládnutia umenia viesť ľudí v súčasnej etape rozvoja manažmentu. Niektoré vedecké poznatky o ktoré sa opiera účinné vedenie ľudí. Úloha moci v riadení. Päť druhov a prejavov moci. Obsah a metódy vedenia ľudí. 
610 2 0 |a vedenie ľudí 
610 2 0 |a zdroje ľudské 
610 2 0 |a teória riadenia 
610 2 0 |a riadenie 
610 2 0 |a metódy riadenia 
610 2 0 |a manažment 
610 2 0 |a Maslow, H. 
100 1 |a Kačír, Klement